000 00445nam a2200169Ia 4500
008 221030s9999 xx 000 0 und d
020 _a0074622358
041 _aEnglish
082 _a105.23
_bMal
100 _aA. P. Malvino
245 0 _aDigital Computer Electronics ( DEPARTMENTAL )
_cby A. P. Malvino, J. A. Brown
260 _bTMH
_aNew Delhi
_c2001
300 _a522
650 _aECE Departmental
700 _aJ. A. Brown
942 _cBK
999 _c6503
_d6503